000
00301nam a2200121Ia 4500
008
180117s9999 xx 000 0 und d
100
_a
by AA Patawaran
245
_a
WHWN
260
_c
2017
300
_a
20-22 pages, 2017 April 9
440
_a
Philippine Panorama
650
_a
ALL QUIET ON THE VIRGO
999
_c
353600
_d
353600